000 00511nam a2200157 a 4500
001 000032406
005 20211021125226.0
008 110715s1953 dr r 000 0 spa d
040 _aDO-SdBNP
_bspa
_cBNPHU
082 _axxxx
_bxxxx
100 1 _aMarrero Aristy, Ramón,
_d1913-1959
_922324
245 1 0 _aTrujillo :
_bsintesis de su vida y de su obra /
_cRamón Marrero Aristy.
250 _a2a ed.
260 _aCiudad Trujillo, República Dominicana :
_bImpresora Dominicana,
_c1953.
300 _a122 p. ;
_c22 cm.
999 _c31897
_d31897